000 01261nam2a2200337 4500
001 RU\NLR\bibl\222729
005 20250619104651.0
010 _a5-8407-0098-3
_91527
021 _aRU
_b2001-39977
_91896
035 _a(NLR Aleph) 000218781
090 _a1271251
_c1271251
100 _a20020108d2001 |||y0rusy50 ca
101 0 _arus
102 _aRU
105 _aa |||||||||
200 1 _aСвет одинокой звезды
_eТрилогия
210 _d2001
_aБ. м.
215 _a665,[2] с.
_cил., портр.
461 0 _1001RU\NLR\bibl\237912
_12001#$aИзбранная проза$v[Т. 4]
_91361239
_aАстахов, Е. Е.
_cСамара
_d2001
_fЕвг. Астахов
_nСам. слово
_tИзбранная проза
_v[Т. 4]
512 1 _6z20790
_aСвет одинокой звезды
606 0 _aАвтомобильные заводы
675 _a821.161.1-31Астахов
_v3
_zrus
686 _a17.82
_2rugasnti
686 _a84(2Рос=Рус)6-44
_2rubbk
790 1 _6z20512
_aАстахов
_bЕ. Е.
_gЕвгений Евгеньевич
_4070
801 0 _aRU
_bRKP
_c20020108
_gPSBO
801 1 _aRU
_bRKP
_c20020108
801 2 _aRU
_bNLR
_c20020318
_grcr
942 _cBOOK
980 _aNB